Indice de rezago social /

Wedi'i Gadw mewn:
Manylion Llyfryddiaeth
Prif Awdur: González Quesada, María Elena
Awdur Corfforaethol: Simposio Costa Rica a la luz del Censo del 2000 ( 5-6 de agosto del 2002)
Fformat: Trafodyn Cynhadledd
Mynediad Ar-lein:mariae.gonzalez@incec.go.cr/http://populi.eest.ucr.ac.cr
Tagiau: Ychwanegu Tag
Dim Tagiau, Byddwch y cyntaf i dagio'r cofnod hwn!

MARC

LEADER 00000 a a2200000 04500
001 44964
003
040
100 |a González Quesada, María Elena  
245 |a Indice de rezago social /  |c María Elena González Quesada  
500 |a Métódos de estratificación socioeconómica y familiar: Parte I  
711 |a Simposio Costa Rica a la luz del Censo del 2000 ( 5-6 de agosto del 2002)  
773 |g páginas 3-27  
856 |u mariae.gonzalez@incec.go.cr/http://populi.eest.ucr.ac.cr  
999 |c 34969  |d 34969